000 00564cam a2200217 a 4500
001 1860827
005 20180209071133.0
008 820909s1983 ilua b 001 0 eng
010 _a 82017039
020 _a0398047820
040 _aDLC
_cDLC
_dDLC
_dOCoLC
041 _aeng
080 _a305.26
082 0 0 _a305.26 MOR
_219
100 _a50
101 _aSOC
245 1 0 _aHoffman's Daily needs and interests of older people.
504 _aIncludes bibliographies and index.
906 _a7
_bcbc
_corignew
_d1
_eocip
_f19
_gy-gencatlg
942 _2ddc
_cBK
999 _c42250
_d42250